00318pab a2200121 454500008004000000100002200040245005200062260000900114300001500123362001200138650001200150773003400162180718b2017 xxu||||| |||| 00| 0 eng d aRai, Saurav Kumar aApproaching history through 'colonial' archives c2017 ap.257-264. aJul-Sep aHistory aSocial Science in Perspective